Liczba medali Letnich Igrzysk Olimpijskich 1936 - Statystyki

Ogólne statystyki
  • Ten quiz został rozwiązany 36 razy
  • Średni wynik to 12 z 15
Statystyki odpowiedzi
Medali Złoto Srebro Brąz Reprezentacja % Poprawnych
56 24 20 12 Stany Zjednoczone
100%
89 33 26 30 III Rzesza
97%
18 6 4 8 Japonia
94%
9 1 3 5 Kanada
88%
14 4 7 3 Wielka Brytania
88%
2 8 9 5 Włochy
88%
19 7 6 6 Francja
82%
17 6 4 7 Holandia
82%
20 6 5 9 Szwecja
82%
16 10 1 5 Węgry
76%
13 4 6 3 Austria
74%
8 3 5 0 Czechosłowacja
68%
19 7 6 6 Finlandia
65%
15 1 9 5 Szwajcaria
65%
7 2 2 3 Argentyna
62%
Nie znaleziono quizów pasujących do podanych kryteriów
Rozkład punktacji
Procent ludzi z każdym wynikiem
Percentyl według liczby udzielonych odpowiedzi
Twoja historia wyników
Nie rozwiązałeś tego quizu